书目信息 |
| 题名: |
心理学漫话
|
|
| 作者: | 黄仁发 编著 | |
| 分册: | ||
| 出版信息: | 北京 科学普及出版社 1986 |
|
| 页数: | 10,276页 | |
| 开本: | 20cm | |
| 丛书名: | ||
| 单 册: | ||
| 中图分类: | B84-49 , B84 | |
| 科图分类: | ||
| 主题词: | 心理学--基本知识 , 心理学 , 心理学 | |
| 电子资源: | ||
| ISBN: | ||
| 000 | 00689nam0 2200265 450 | |
| 001 | 1235713020 | |
| 005 | 20120928100320.43 | |
| 010 | @dCNY1.80 | |
| 091 | @a17051·1705 | |
| 100 | @a20031106d1986 em y0chiy50 ea | |
| 101 | 0 | @achi |
| 102 | @aCN@b110000 | |
| 105 | @ay z 000yy | |
| 106 | @ar | |
| 200 | 1 | @a心理学漫话@f黄仁发编著@Axin li xue man hua |
| 210 | @a北京@c科学普及出版社@d1986 | |
| 215 | @a10,276页@d20cm | |
| 606 | 0 | @a心理学@x基本知识 |
| 606 | 0 | @a心理学 |
| 606 | 0 | @a心理学 |
| 690 | @aB84-49@v4 | |
| 690 | @aB84@v4 | |
| 701 | 0 | @a黄仁发@4编著@Ahuang ren fa |
| 801 | 0 | @aCN@b大连网信软件有限公司图书馆·11@c20120928 |
| 905 | @a10447@dB84@eJY25 | |
| 心理学漫话/黄仁发编著.-北京:科学普及出版社,1986 |
| 10,276页;20cm |
| ISBN :CNY1.80 |
| ● |
| 相关链接 |
|
|
|
|
正题名:心理学漫话
索取号:B84/JY25
 
预约/预借
| 序号 | 登录号 | 条形码 | 馆藏地/架位号 | 状态 | 备注 |
| 1 | 7830009 | 278300090 | 学院路分馆/ [索取号:B84/JY25] | 在馆 |